| 000 | 00783nam a2200253Ia 4500 | ||
|---|---|---|---|
| 001 | Z_2783 | ||
| 008 | 220113s1987 xx 000 0 und d | ||
| 010 | _a163590 | ||
| 082 | _a636.08 R4 | ||
| 100 |
_aReunión Nacional de Investigación Pecuaria (1987 : México, D. F.) _9137751 |
||
| 245 |
_aMemorias / _cpor Instituto Nacional de Investigaciones Forestales y Agropecuarias |
||
| 260 |
_aMéxico, D. F. : _bEl Instituto, _c1987 |
||
| 300 | _a444 p. | ||
| 440 | _a | ||
| 500 | _a | ||
| 503 | _a | ||
| 650 |
_aGanadería _xCongresos I. Instituto Nacional de Investigaciones Forestales y Agropecuarias. México _9137752 |
||
| 650 |
_aGanadería _xInvestigación _xMéxico _9137364 |
||
| 901 | _a636.08 R4 | ||
| 902 | _aA | ||
| 910 | _a1987 | ||
| 942 | _cc1 | ||
| 999 |
_c163590 _d163590 |
||